| 000 | 00563cam a2200169 4500 | ||
|---|---|---|---|
| 040 | _cDLC | ||
| 082 | _a582 BIS 1971 A106 Or. | ||
| 100 | 1 | _aBrandis, Dietrich, | |
| 245 | 1 | 0 |
_aIndian trees; _ban account of trees, shrubs, woody climbers, bamboos, and palms indigenous or commonly cultivated in the British Indian Empire. |
| 260 |
_aDehra Dun, _bBishen Singh Mahendra Pal Singh, _c1971. |
||
| 300 |
_axxxii, 767 p. _billus. _c25 cm. |
||
| 500 | _aFirst published in 1906. | ||
| 650 | 0 | _aTrees | |
| 650 | 0 | _aShrubs | |
| 650 | 0 | _aForests and forestry | |
| 942 | _cEK | ||
| 999 |
_c16931 _d16931 |
||